guess the laufey song no hints #16 - Statistics

General Stats
  • This quiz has been taken 169 times
    112 since last reset
  • The average score is 60 of 133
Answer Stats
Answer % Correct
I
97%
A
84%
a
84%
the
76%
The
76%
don't
74%
me
68%
to
68%
so
66%
not
60%
can
59%
my
54%
for
53%
I'm
51%
And
50%
her
49%
Her
49%
In
49%
it
49%
but
47%
But
47%
girl
47%
like
47%
of
47%
she
47%
is
44%
Snow
44%
think
44%
Can't
43%
want
43%
have
41%
just
41%
see
41%
White
41%
best
40%
tell
40%
They
40%
up
40%
world
40%
looks
37%
never
37%
notice
37%
pretty
37%
that
37%
all
35%
at
34%
body
34%
sick
34%
debate
32%
everything
32%
help
32%
it's
32%
myself
32%
skin
32%
try
32%
wrong
32%
I'll
31%
place
31%
brain
29%
enough
29%
I've
29%
least
29%
lies
29%
am
28%
beauty
28%
currency
28%
mirrors
28%
ways
28%
woman's
28%
along
26%
always
26%
fair
26%
mind
26%
people
26%
which
26%
are
25%
skinny
25%
plays
24%
same
24%
She's
24%
smaller
24%
wins
22%
Sometimes
21%
turned
21%
failed
19%
rights
18%
wrongs
18%
dreamed
16%
achieved
13%
No matching quizzes found
Score Distribution
Percent of People with Each Score
Percentile by Number Answered
Your Score History
You have not taken this quiz since the last reset